Na budúci rok štát prizná vyššie penzie

Bibliographic Details
Main Author: Ďurišková, Patricia (Author)
Format: Article
Language:Slovak
ISSN:1335-4051
Subjects:

MARC

LEADER 00000nab a2200000 a 4500
001 vtls008418381
003 SK-MaSNL
005 20260303070044.0
008 051213c20051210xo ur| 0 0slo
015 |a SNBRB2005/12 
038 |a RVGKPD 
040 |a RVGKPD  |b slo  |c RVGKPD  |e AACR2 
041 0 |a slo 
044 |a xo  |c SK 
080 |a 331.25  |2 UDC-MRF-SK2 
100 1 |a Ďurišková, Patricia  |4 aut  |9 840491 
245 1 0 |a Na budúci rok štát prizná vyššie penzie  |c Patricia Ďurišková 
650 0 7 |a dôchodky  |2 rvgkpd  |9 14684 
650 0 7 |a výpočet  |2 rvgkpd  |9 316897 
650 0 7 |a 2006  |2 rvgkpd  |9 75560 
773 0 |t Pravda  |g Roč. XV, č. 285 (10.12.2005), s. 1, 3  |x 1335-4051 
852 |a RVGKPD  |b KIS3G 
992 |a RBX 
999 |c 1753723  |d 1755653